| 000 | 00992nac a22003257a 4500 | ||
|---|---|---|---|
| 001 | BR0004025 | ||
| 003 | BR-BrBNA | ||
| 005 | 20240105122454.0 | ||
| 008 | 230509b bl.|||m| |||| 00| 0 por d | ||
| 040 |
_aBR-BrBNA _bpor _cBiblioteca Nacional de Agricultura |
||
| 072 | _aE16; E70 | ||
| 090 | _a0120 BR0004025 | ||
| 100 | 1 | _aGerage, A.C. | |
| 100 | 1 | _aSamaha, M.J. | |
| 100 | 1 | _aBittencourt, C.R. | |
| 100 | 1 | _aCorrea, V.J. | |
| 110 | 1 | _aFundacao Instituto Agronomico do Parana, Londrina (Brasil) | |
| 245 | 1 | _aCadeia produtiva do milho: diagnostico e demandas atuais no Parana | |
| 260 | 3 |
_aLondrina, PR (Brasil): _c1999. |
|
| 300 | _a56 p. | ||
| 490 |
_aDocumento - Fundacao Instituto Agronomico do Parana (Brazil) _vno. 20 _x |
||
| 500 | _a18 tables; 10 ref. | ||
| 650 | _aMilho | ||
| 650 | _aEstatistica de Producao | ||
| 650 | _aAgribusiness | ||
| 650 | _aDemanda | ||
| 650 | _aParana | ||
| 909 |
_a202312 _bLúcia Elande _c55 _dLúcia Elande |
||
| 942 |
_2AGRIS _n0 _cMS |
||
| 999 |
_c291208 _d291208 |
||